Statistics for Top 100 NBA Active Point Leaders

Click here to take the quiz!

General Stats

  • This quiz has been taken 685 times
    (186 since last reset)
  • The average score is 61 of 100

Answer Stats

Player% Correct
LeBron James
100%
Kevin Durant
98%
Stephen Curry
97%
Damian Lillard
96%
James Harden
96%
Kawhi Leonard
93%
Russell Westbrook
93%
Chris Paul
93%
Carmelo Anthony
92%
Giannis Antetokounmpo
91%
Paul George
90%
Klay Thompson
89%
Joel Embiid
89%
LaMarcus Aldridge
89%
DeMar DeRozan
89%
Kyrie Irving
88%
Tristan Thompson
88%
Anthony Davis
88%
Jeff Green
88%
Danny Green
88%
Blake Griffin
87%
Kyle Lowry
87%
Jimmy Butler
87%
Bradley Beal
86%
Kevin Love
84%
John Wall
83%
Kemba Walker
81%
Devin Booker
80%
Nikola Jokic
80%
Zach LaVine
77%
Khris Middleton
77%
Lou Williams
75%
Tobias Harris
73%
Marc Gasol
73%
CJ McCollum
72%
Karl-Anthony Towns
72%
Rudy Gobert
72%
Dwight Howard
72%
Al Horford
71%
Robin Lopez
69%
Brook Lopez
69%
Donovan Mitchell
68%
Nikola Vucevic
68%
Eric Gordon
67%
Andre Drummond
66%
Aaron Gordon
66%
Patty Mills
65%
DeMarcus Cousins
64%
Goran Dragic
64%
DeAndre Jordan
64%
Paul Millsap
64%
Derrick Rose
64%
Mike Conley
63%
Andrew Wiggins
63%
Andre Iguodala
62%
JJ Redick
61%
Jrue Holiday
59%
Gordon Hayward
58%
Rajon Rondo
57%
Thaddeus Young
56%
Steven Adams
56%
Julius Randle
56%
Eric Bledsoe
54%
Rudy Gay
54%
Victor Oladipo
52%
Serge Ibaka
50%
Buddy Hield
48%
D'Angelo Russell
48%
Dennis Schroder
47%
Kentavious Caldwell-Pope
46%
Bojan Bogdanovic
42%
Markieff Morris
42%
Reggie Jackson
42%
Marcus Morris
42%
Danilo Gallinari
42%
Evan Fournier
41%
Ricky Rubio
40%
Harrison Barnes
38%
George Hill
38%
Nicolas Batum
38%
Udonis Haslem
36%
JaVale McGee
34%
Jonas Valanciunas
33%
Jeff Teague
30%
Hassan Whiteside
30%
Derrick Favors
30%
Enes Kanter
28%
Trevor Ariza
26%
Tim Hardaway Jr.
25%
Wesley Matthews
24%
Terrence Ross
24%
D.J. Augustin
23%
Jae Crowder
22%
Avery Bradley
21%
Taj Gibson
21%
Jordan Clarkson
20%
Will Barton
18%
Jared Dudley
17%
Al-Farouq Aminu
9%
Wayne Ellington
7%

Score Distribution

Percentile by Number Answered

Percent of People with Each Score

Your Score History

You have not taken this quiz since the last reset